000 00742nam a2200229 i 4500
001 146522
003 ES-MaACL
005 20250828090944.0
007 t|
008 070910s1959 sp ||||1| spa d
080 _a248.1
100 1 _aTóth, Tihamér.
_9111109
245 1 0 _aCristo y los cristianos, hoy /
_cMonseñor Tihamér Tóth, obispo de Veszprém.
260 _aMadrid :
_bSociedad de Educación Atenas,
_c1959.
300 _a407 p. ;
_c21 cm.
490 1 _aRazonemos nuestra fe. Serie I ;
_v15
650 7 _aVida cristiana
_2embne
_917790
710 2 _aSociedad de Educación Atenas
_96665
830 1 _aRazonemos nuestra fe. Serie I ;
_v15
_9220849
852 _aES-MaACL
_jC-16475
999 _c146522
_d146522